000 00794nam a22002177a 4500
999 _c9648
_d9648
003 AR-CdUCM
008 190328b ||||| |||| 00| 0 spa d
040 _aMUNICIPALIDAD PROVINCIAL DEL CUSCO
_cBIBLIOTECA MUNICIPAL DEL CUSCO
082 _a869.26 /
_bG25H / 1947
100 _aGarasino, Ana María
_925993
245 _aHistoria de una Expresión /
260 _aBuenos Aires :
_bNueva Impresora,
_c1947.
300 _a240 páginas ;
_c23 cm.
500 _aCon dedicatoria a Luis Nieto -- Donación de la familia Nieto
505 _aContenido : Mundo de prehistoria -- Continua relatándose la historia -- Descubrimiento -- Conquista-Liberación
650 _aLiteratura
_9416
650 _aLiteratura Argentina
_984
650 _aNovela
_9572
942 _2ddc
_cLIBROS
945 _admma